000 00606nam a22002417a 4500
999 _c380545
_d380545
001 94300
003 UA-OsUOA
005 20191120102536.0
007 ta
008 20130207b un ||||| |||| 00| 0 ukr d
040 _aUA-OsUOA
_brus
_cUA-OsUOA
_dUA-OsUOA
041 _arus
080 _a821.133.1
090 _a821.133.1
_bГ61
100 _aГолон А.
245 _aАнжелика
260 _aМ.
_bИнтербук
_c1992
300 _a317 с.
650 7 _a82 Література. Літературознавство
_2UDC
700 _aГолон С.
942 _cBK
_2udc
955 _a3